|
|
|
|
| LEADER |
00635nab a2200181 i 4500 |
| 001 |
misc3697 |
| 005 |
20191106141843.0 |
| 008 |
170607s1946 hu o 0|| hun d |
| 040 |
|
|
|a SZTE Miscellanea Repozitórium
|b hun
|
| 041 |
|
|
|a hun
|
| 100 |
1 |
|
|a Gorkij Maxim
|
| 245 |
1 |
2 |
|a A Leány és a Halál
|h [elektronikus dokumentum] :
|b [vers] /
|c Gorkij Maxim
|
| 260 |
|
|
|c 1946
|
| 300 |
|
|
|a 3-9
|
| 490 |
0 |
|
|a Irodalom, tudomány : a Magyar-Szovjet Művelődési Társaság folyóirata
|v 1 No. 6
|
| 695 |
|
|
|a Orosz irodalom - vers
|
| 700 |
0 |
1 |
|a Gáspár Endre
|e aut
|
| 856 |
4 |
0 |
|u http://misc.bibl.u-szeged.hu/3697/1/irtud_006_003-009.pdf
|z Dokumentum-elérés
|